LEADER 01366nam a2200313 u 4500 001 000000027678 003 CaOOAMICUS 005 20070226111721.0 008 960126s1980 gw u000 u grc u 020 $a3525534175 035 $a10719673 040 $aIPA$bita$dPUL 041 0 $agrc$ager 130 0 $aBiblia.$pV.T.$pSapientia.$lGreco.$0(OLS)http://pul/title/21545 245 10$aSapientia Salomonis /$cedidit Joseph Ziegler. 250 $a2., durchgesehene Aufl. 260 $aGöttingen :$bVandenhoeck & Ruprecht,$c1980. 300 $a168 p. ;$c24 cm 490 1 $aSeptuaginta. Vetus Testamentum graecum auctoritate Societatis litterarum Gottingensis editum ;$vXII, 1 630 04$aBiblia.$pV.T.$pSapientia$xCritica, interpretazione, ecc.$0(OLS)http://pul/subject/15949 700 1 $aZiegler, Joseph,$csac.,$d1902-$0(OLS)http://pul/name/8315 830 0$aSeptuaginta : Vetus Testamentum Graecum ;$vXII, 1.$0(OLS)http://pul/title/267 850 $aPUL 852 $aPUL$W1$xSL Religione 1$y3$m5 R 12(1)$j38526$nBK-PRI$b $qStampati$B38526$CPULBib$Z2$F38526 $H $81 941 1 $a8 961 $aINV: 82673 996 $6020$a3525534175$9(OLS)http://pul/number/34334 996 $6245$aSapientia Salomonis$9(OLS)http://pul/title/37840 996 $6260$aGöttingen :$bVandenhoeck & Ruprecht$9(OLS)http://pul/publisher/47973 LEADER 00931naa a2200193 u 4500 001 000000095157 003 CaOOAMICUS 005 20070226130141.0 008 040602s1968 gw u000 u ger u 035 $a10997511 040 $aIAR$bita 100 1 $aKolari?, Rudolf.$0(OLS)http://pul/name/61067 245 10$aEinflüsse des Altkirchenslavischen auf die slovenische Schriftsprache /$cRudolf Kolari?. 260 $aWiesbaden :$bHarrassowitz,$c1968. 300 $av.4, S. 164-167, ;$c24 cm 773 0 $aCyrillo-methodianische Fragen; Slavische Philologie und Altertumskunde. 773 0 $aCongresso internazionale di storia slava.$tActa congressus historiae Slavicae Salisburgensis in memoriam ss. Cyrilli et Methodii anno 1963 celebrati$w()12921 996 $6245$aEinflüsse des Altkirchenslavischen auf die slovenische Schriftsprache$9(OLS)http://pul/title/122036 996 $6260$aWiesbaden :$bHarrassowitz$9(OLS)http://pul/publisher/53801